00301nam a2200121Ia 4500008004100000041000900041082001800050100002600068245002700094260004100121300000900162650000800171230718s9999 xx 000 0 und d aEng. a346.02bROE-M aRoena, kchild Mahmood 0aManual of land Revenue aPakistanbJaw published house c1842 a1156 aLaw